| 000 | 00434nam a2200145 a 4500 | ||
|---|---|---|---|
| 001 | 1377 | ||
| 003 | CDMR | ||
| 005 | 20151102140003.0 | ||
| 008 | 130130s1995||||||||||||||||||||||||||||d | ||
| 040 |
_aCDMR _bcat _cCPC LLEIDA |
||
| 110 | 2 |
_91066 _aCol·legi de Periodistes de Catalunya _b -- Demarcació de Tarragona |
|
| 245 | 1 | 0 |
_aGuia de la comunicació Tarragona 1995 _cCPC Tarragona |
| 260 |
_aTarragona _c1995 _bCPC Tarragona |
||
| 942 | _cMON | ||
| 999 |
_c1377 _d1377 |
||